The cost of coercion global report under the follow-up to the ILO declaration on fundamental principles and rights at work, 2009 : International Labour Conference, 98th Session 2009, report I (B) /

Bibliographic Details
Corporate Authors: International Labour Office. Director-General., ProQuest (Firm), International Labour Conference
Format: Electronic Conference Proceeding eBook
Language:English
Published: Geneva : International Labour Office, 2009.
Series:Report (International Labour Conference) ; 1(B)
Subjects:
Online Access:Click to View
LEADER 01654nam a2200373 a 4500
001 EBC3012391
003 MiAaPQ
005 20200520144314.0
006 m o d |
007 cr cn|||||||||
008 111212s2009 sz sb 000 0 eng d
020 |z 9789221206286 
020 |a 9789221206293 (electronic bk.) 
035 |a (MiAaPQ)EBC3012391 
035 |a (Au-PeEL)EBL3012391 
035 |a (CaPaEBR)ebr10512048 
035 |a (OCoLC)769190027 
040 |a MiAaPQ  |c MiAaPQ  |d MiAaPQ 
050 4 |a HD7801  |b .C67 2009 
245 0 4 |a The cost of coercion  |h [electronic resource] :  |b global report under the follow-up to the ILO declaration on fundamental principles and rights at work, 2009 : International Labour Conference, 98th Session 2009, report I (B) /  |c report of the Director-General. 
260 |a Geneva :  |b International Labour Office,  |c 2009. 
300 |a x, 82 p. 
490 1 |a International Labour Conference report,  |x 0074-6681 ;  |v 1(B) 
504 |a Includes bibliographical references. 
533 |a Electronic reproduction. Ann Arbor, MI : ProQuest, 2015. Available via World Wide Web. Access may be limited to ProQuest affiliated libraries. 
650 0 |a Labor laws and legislation, International. 
650 0 |a Forced labor. 
650 0 |a Human rights. 
655 4 |a Electronic books. 
710 2 |a International Labour Office.  |b Director-General. 
710 2 |a ProQuest (Firm) 
711 2 |a International Labour Conference  |n (98th :  |d 2009 :  |c Geneva, Switzerland) 
830 0 |a Report (International Labour Conference) ;  |v 1(B) 
856 4 0 |u https://ebookcentral.proquest.com/lib/matrademy/detail.action?docID=3012391  |z Click to View